[Event "Newcastle on Tyne op"]
[Site "Newcastle on Tyne"]
[Date "2018.02.17"]
[Round "7"]
[White "Zhang, Zheming"]
[Black "Dunn, Alan Stephan"]
[Result "1/2-1/2"]
[WhiteElo "1900"]
[BlackElo "2046"]
[PlyCount "87"]
[EventDate "2018.02.14"]
[EventType "swiss"]
[EventRounds "9"]
[EventCountry "ENG"]
[SourceTitle "EXT 2019"]
[Source "ChessBase"]
[SourceDate "2018.10.10"]
[SourceVersion "1"]
[SourceVersionDate "2018.10.10"]
[SourceQuality "1"]

1. e4 c5 2. Nc3 Nc6 3. Bb5 Nd4 4. Bc4 g6 5. Nge2 Bg7 6. Nxd4 cxd4 7. Ne2 e6 8. d3 Ne7 9. Bb3 Nc6 10. 0-0 0-0 11. f4 d6 12. Qe1 Bd7 13. Qg3 Na5 14. Bd2 Nxb3 15. axb3 Qb6 16. f5 Rac8 17. f6 Bh8 18. Rac1 e5 19. Qg5 Rc6 20. Rf3 Rfc8 21. Rcf1 Rxc2 22. g4 Rxd2 23. Qxd2 Bxg4 24. R3f2 Bxe2 25. Rxe2 Qxb3 26. Ref2 h5 27. Rg2 Kh7 28. Qd1 Qxd1 29. Rxd1 Rc6 30. Rf2 g5 31. Rff1 Kg6 32. Rc1 Bxf6 33. Rxc6 bxc6 34. Ra1 Be7 35. Rxa7 Kf6 36. b4 Ke6 37. Rc7 c5 38. b5 Bd8 39. Rc6 Kd7 40. Kf2 g4 41. Kg2 Bg5 42. Ra6 Kc7 43. Rc6+ Kd7 44. Ra6 1/2-1/2

[Event "Newcastle on Tyne op"]
[Site "Newcastle on Tyne"]
[Date "2018.02.15"]
[Round "3"]
[White "Abdulla, Murad"]
[Black "Zhang, Zheming"]
[Result "1-0"]
[WhiteElo "2260"]
[BlackElo "1900"]
[PlyCount "40"]
[EventDate "2018.02.14"]
[EventType "swiss"]
[EventRounds "9"]
[EventCountry "ENG"]
[SourceTitle "CBM 182 Extra"]
[Source "ChessBase"]
[SourceDate "2018.02.23"]
[SourceVersion "1"]
[SourceVersionDate "2018.02.23"]
[SourceQuality "1"]

1. e4 e6 2. d3 d5 3. Qe2 Nf6 4. Nf3 b6 5. e5 Nfd7 6. g3 c5 7. Bg2 Nc6 8. 0-0 Qc7 9. Re1 Bb7 10. c3 Be7 11. Bf4 b5 12. Nbd2 Qb6 13. b3 h6 14. h4 a5 15. c4 bxc4 16. bxc4 d4 17. Rab1 Qc7 18. h5 0-0 19. Ne4 Rfb8 20. Nd6 Bxd6 1-0

[Event "Newcastle on Tyne op"]
[Site "Newcastle on Tyne"]
[Date "2018.02.15"]
[Round "2"]
[White "Zhang, Zheming"]
[Black "Kanakova, Natalie"]
[Result "1/2-1/2"]
[WhiteElo "1900"]
[BlackElo "2245"]
[PlyCount "69"]
[EventDate "2018.02.14"]
[EventType "swiss"]
[EventRounds "9"]
[EventCountry "ENG"]
[SourceTitle "CBM 182 Extra"]
[Source "ChessBase"]
[SourceDate "2018.02.23"]
[SourceVersion "1"]
[SourceVersionDate "2018.02.23"]
[SourceQuality "1"]

1. e4 c5 2. Nc3 Nc6 3. Bb5 Nd4 4. Bc4 e6 5. Nge2 Ne7 6. Nxd4 cxd4 7. Ne2 Nc6 8. 0-0 Bc5 9. d3 0-0 10. a3 a6 11. f4 f5 12. Kh1 Kh8 13. b4 Ba7 14. Qe1 b5 15. Bb3 Bb7 16. Bb2 Rc8 17. Ng3 Ne7 18. Qf2 fxe4 19. dxe4 e5 20. Qd2 exf4 21. Rxf4 Rxf4 22. Qxf4 Bb8 23. Qg4 Nc6 24. Rf1 Ne5 25. Qf5 Nc6 26. Ne2 Be5 27. Qh5 Bf6 28. Nf4 Ne5 29. Bxd4 Qe8 30. Qh3 Bxe4 31. c3 Nc4 32. Bxf6 gxf6 33. Qh4 Qe5 34. Re1 Rg8 35. Bxc4 1/2-1/2

[Event "ENG Terafinal"]
[Site "Daventry"]
[Date "2017.08.13"]
[Round "6"]
[White "Zhang, Zheming"]
[Black "Volovich, Julia"]
[Result "1-0"]
[WhiteElo "184"]
[BlackElo "139"]
[PlyCount "165"]
[EventDate "2017.08.12"]
[EventType "swiss"]
[EventRounds "6"]
[EventCountry "ENG"]
[SourceTitle "CBM 179 Extra"]
[Source "ChessBase"]
[SourceDate "2017.08.23"]
[SourceVersion "1"]
[SourceVersionDate "2017.08.23"]
[SourceQuality "1"]

1. e4 e6 2. d4 d5 3. exd5 exd5 4. Bd3 Bd6 5. Ne2 Ne7 6. Bf4 0-0 7. 0-0 Nbc6 8. c3 Bf5 9. Qc2 Bxd3 10. Qxd3 Ng6 11. Bg3 Bxg3 12. hxg3 Qd7 13. Nd2 Rfe8 14. Nf3 f6 15. Nc1 Re6 16. Nb3 b6 17. c4 Nb4 18. Qc3 dxc4 19. Qxb4 cxb3 20. Qxb3 Kf8 21. Rac1 Ne7 22. Qc2 g6 23. Qxc7 Qxc7 24. Rxc7 Rd6 25. Re1 Re8 26. Rxa7 h5 27. Nh4 f5 28. Nf3 Nc6 29. Rxe8+ Kxe8 30. Rg7 Kf8 31. Rb7 Na5 32. Rc7 Nc6 33. Kf1 Nxd4 34. Nxd4 Rxd4 35. Rc6 Rb4 36. b3 Kf7 37. Ke2 g5 38. Kd3 Ke7 39. Rg6 g4 40. Rh6 f4 41. Rxh5 fxg3 42. fxg3 Kd7 43. Rd5+ Kc6 44. Rd4 Rb5 45. Rxg4 Rd5+ 46. Rd4 Rg5 47. g4 Kc5 48. Rf4 Kc6 49. Ke3 Ra5 50. a4 Rg5 51. Rc4+ Kd6 52. Kf4 Rg7 53. g5 Rf7+ 54. Kg4 Rg7 55. Rf4 Ke5 56. Rb4 Rg6 57. Rb5+ Ke4 58. b4 Kd4 59. Kf5 Rg8 60. g6 Kc4 61. Kf6 Kb3 62. Rxb6 Kxa4 63. g7 Rc8 64. Rb7 Rc6+ 65. Kf7 Rc2 66. g8Q Rf2+ 67. Ke8 Re2+ 68. Re7 Rc2 69. Qg6 Rc8+ 70. Kf7 Rc1 71. Ra7+ Kb3 72. Qd3+ Kb2 73. Qa3+ Kc2 74. Rc7+ Kd2 75. Qxc1+ Kd3 76. Qc4+ Ke3 77. Re7+ Kf2 78. g4 Kf3 79. g5 Kf2 80. Rd7 Ke3 81. Rd3+ Kf2 82. Qc2+ Ke1 83. Rd1# 1-0

[Event "Newcastle on Tyne op"]
[Site "Newcastle on Tyne"]
[Date "2017.04.16"]
[Round "4"]
[White "Zhang, Zheming"]
[Black "Turner, Max N"]
[Result "0-1"]
[WhiteElo "1816"]
[BlackElo "1984"]
[PlyCount "108"]
[EventDate "2017.04.14"]
[EventType "swiss"]
[EventRounds "5"]
[EventCountry "ENG"]
[SourceTitle "EXT 2018"]
[Source "ChessBase"]
[SourceDate "2017.10.13"]
[SourceVersion "1"]
[SourceVersionDate "2017.10.13"]
[SourceQuality "1"]

1. e4 c5 2. Nc3 Nc6 3. Bb5 Nd4 4. Bc4 g6 5. Nge2 Bg7 6. d3 Nxe2 7. Qxe2 d6 8. 0-0 e6 9. f4 Nf6 10. f5 Qe7 11. fxg6 fxg6 12. Bg5 h6 13. Bxf6 Bxf6 14. Rf3 Bd7 15. Raf1 Be5 16. Kh1 0-0-0 17. Qf2 Qg5 18. Rf7 Rhe8 19. Nd1 Re7 20. Rxe7 Qxe7 21. c3 Bg7 22. Qg3 Rf8 23. Kg1 Rxf1+ 24. Kxf1 Qf7+ 25. Ke2 Be5 26. Qh3 h5 27. Qf3 Qxf3+ 28. Kxf3 Kd8 29. g3 Ke7 30. Ne3 b5 31. Bb3 b4 32. Nd1 Bg7 33. c4 Bd4 34. Bc2 e5 35. b3 Bg4+ 36. Kg2 Kf6 37. Nf2 Be2 38. Bd1 Bxd1 39. Nxd1 Kg5 40. Nf2 Bxf2 41. Kxf2 Kg4 42. Kg2 h4 43. h3+ Kg5 44. Kf3 hxg3 45. Kxg3 Kh5 46. h4 g5 47. hxg5 Kxg5 48. Kf3 Kh4 49. Kf2 Kg4 50. Kg2 Kf4 51. Kf2 a6 52. Ke2 Kg3 53. Ke3 Kg2 54. Ke2 a5 0-1

[Event "Daventry Robinson Cup U14"]
[Site "Daventry"]
[Date "2016.07.18"]
[Round "2.1"]
[White "Choo, Yin Benjamin"]
[Black "Zhang, Zheming"]
[Result "1/2-1/2"]
[WhiteElo "1686"]
[BlackElo "1793"]
[PlyCount "90"]
[EventDate "2016.07.18"]
[EventType "team-schev"]
[EventRounds "5"]
[EventCountry "ENG"]
[SourceTitle "EXT 2020"]
[Source "ChessBase"]
[SourceDate "2019.10.17"]
[SourceVersion "1"]
[SourceVersionDate "2019.10.17"]
[SourceQuality "1"]
[WhiteTeam "Wales"]
[BlackTeam "England"]
[WhiteTeamCountry "WLS"]
[BlackTeamCountry "ENG"]

1. c4 e6 2. g3 f5 3. Bg2 Nf6 4. Nc3 Be7 5. Nf3 d6 6. d4 0-0 7. 0-0 Qe8 8. Qc2 Bd8 9. e4 fxe4 10. Nxe4 Nbd7 11. Re1 Nxe4 12. Qxe4 Nf6 13. Qc2 Qg6 14. Qxg6 hxg6 15. Bh3 Re8 16. Bd2 Nh7 17. Re2 Bf6 18. Rae1 Nf8 19. Bf4 Bd7 20. c5 Bc6 21. Bg4 dxc5 22. dxc5 Rac8 23. b3 Bd5 24. Be5 Kf7 25. Nd4 Re7 26. a4 Rce8 27. b4 Nd7 28. f4 c6 29. Bf3 Nf8 30. b5 Rc8 31. bxc6 Bxc6 32. Bxc6 bxc6 33. g4 Bxe5 34. Rxe5 Ree8 35. f5 exf5 36. Rxe8 Rxe8 37. Rxe8 Kxe8 38. gxf5 gxf5 39. Nxf5 g6 40. Nd4 Kd7 41. Kf2 Ne6 42. Nb3 Ke7 43. Ke3 Kf6 44. Ke4 Ng5+ 45. Kf4 Ne6+ 1/2-1/2

[Event "Edinburgh Premier"]
[Site "Edinburgh"]
[Date "2016.04.08"]
[Round "1.10"]
[White "Zhang, Zheming"]
[Black "Abrahams, Daniel"]
[Result "0-1"]
[WhiteElo "1792"]
[BlackElo "2084"]
[PlyCount "172"]
[EventDate "2016.04.08"]
[EventType "swiss"]
[EventRounds "5"]
[EventCountry "SCO"]
[SourceTitle "EXT 2023"]
[Source "ChessBase"]
[SourceDate "2022.10.05"]
[SourceVersion "1"]
[SourceVersionDate "2022.10.05"]
[SourceQuality "1"]

1. e4 c5 2. Nf3 e6 3. d4 cxd4 4. Nxd4 a6 5. Be3 Nf6 6. Nc3 Bb4 7. f3 Qc7 8. Qd3 d5 9. exd5 Nxd5 10. Bd2 Nxc3 11. bxc3 Bd6 12. g3 0-0 13. Bg2 Nd7 14. 0-0 Ne5 15. Qe2 Nc4 16. f4 Nxd2 17. Qxd2 Bd7 18. Kh1 Rac8 19. Rf3 Rfd8 20. Rd3 Be7 21. Rd1 Ba4 22. Rb1 b6 23. Re1 Bf6 24. Re4 Be8 25. g4 Bxd4 26. Rexd4 Rxd4 27. Rxd4 Qxc3 28. Qxc3 Rxc3 29. Be4 Kf8 30. Rd6 Rc4 31. Bd3 Rc6 32. Rd4 Ke7 33. Kg2 Rc3 34. a4 Ra3 35. Bxa6 Rxa4 36. Rxa4 Bxa4 37. Bd3 h6 38. Kf3 Kd6 39. Ke4 Kc5 40. c3 f6 41. h4 Bc6+ 42. Ke3 e5 43. fxe5 fxe5 44. g5 hxg5 45. hxg5 Kd6 46. Bf5 Bd5 47. Bg4 Be6 48. Bf3 Bf5 49. Bd1 Bg6 50. Bb3 Bb1 51. Bc4 Kc5 52. Bb3 Bf5 53. Bf7 Kb5 54. Bb3 Bg6 55. Be6 Ka4 56. Bc4 Ka3 57. Kd2 Kb2 58. Bd5 Bc2 59. Bc4 e4 60. Bb5 e3+ 61. Kxe3 Kxc3 62. Kf4 Bd3 63. Bxd3 Kxd3 64. Kf5 b5 65. Kg6 b4 66. Kxg7 b3 67. g6 b2 68. Kf8 b1Q 69. g7 Qb8+ 70. Kf7 Qf4+ 71. Ke7 Qg5+ 72. Kf7 Qf5+ 73. Ke7 Qg6 74. Kf8 Qf6+ 75. Kg8 Kd4 76. Kh7 Qf7 77. Kh8 Qh5+ 78. Kg8 Ke5 79. Kf8 Kf6 80. g8N+ Ke6 81. Kg7 Qf7+ 82. Kh8 Qg6 83. Ne7 Qf6+ 84. Kg8 Qxe7 85. Kh8 Kf6 86. Kg8 Qg7# 0-1

[Event "EU-ch U12 24th"]
[Site "Batumi"]
[Date "2014.10.19"]
[Round "1"]
[White "Shevchenko, Kirill"]
[Black "Zhang, Zheming"]
[Result "1-0"]
[WhiteElo "2182"]
[BlackElo "1810"]
[PlyCount "97"]
[EventDate "2014.10.19"]
[EventType "swiss"]
[EventRounds "9"]
[EventCountry "GEO"]
[SourceTitle "EXT 2016"]
[Source "ChessBase"]
[SourceDate "2015.10.08"]
[SourceVersion "1"]
[SourceVersionDate "2015.10.08"]
[SourceQuality "1"]

1. e4 e6 2. d4 d5 3. Nc3 Nf6 4. e5 Nfd7 5. Nce2 c5 6. c3 Nc6 7. Nf3 a6 8. Nf4 cxd4 9. cxd4 Bb4+ 10. Bd2 Qa5 11. Bd3 Bxd2+ 12. Qxd2 Qxd2+ 13. Kxd2 b5 14. h4 Bb7 15. Rh3 Nb6 16. b3 Nc8 17. Nh5 g6 18. Nf6+ Ke7 19. h5 Nb6 20. Rah1 g5 21. h6 Nd7 22. Nxd7 Kxd7 23. Nxg5 Ke7 24. Rf3 Raf8 25. Rh4 Nd8 26. Rhf4 Bc6 27. g3 Be8 28. Nxh7 Rfg8 29. Nf6 Rg5 30. Rh4 Nc6 31. Rff4 Nb4 32. h7 Nxd3 33. Kxd3 b4 34. Rfg4 Rg6 35. Nxe8 Kxe8 36. Rxg6 fxg6 37. Ke3 Kf7 38. Kf4 Kf8 39. Kg5 Kg7 40. Rh6 Kf7 41. Rh1 Kg7 42. Rc1 Kxh7 43. Rc7+ Kg8 44. Kxg6 Rh6+ 45. Kxh6 Kf8 46. g4 Ke8 47. g5 Kf8 48. g6 Kg8 49. Rc8# 1-0

[Event "BCF-chT3N 1314 (4NCL)"]
[Site "England"]
[Date "2014.01.11"]
[Round "3.68"]
[White "Zhang, Zheming"]
[Black "Oates, David"]
[Result "0-1"]
[WhiteElo "1807"]
[BlackElo "2159"]
[PlyCount "64"]
[EventDate "2013.11.16"]
[EventType "team-swiss"]
[EventRounds "6"]
[EventCountry "ENG"]
[SourceTitle "EXT 2015"]
[Source "ChessBase"]
[SourceDate "2014.11.20"]
[SourceVersion "1"]
[SourceVersionDate "2014.11.20"]
[SourceQuality "1"]
[WhiteTeam "Cheddleton II"]
[BlackTeam "North East England"]
[WhiteTeamCountry "ENG"]
[BlackTeamCountry "ENG"]

1. e4 Nc6 2. Nf3 d6 3. d4 Nf6 4. Bd3 Bg4 5. c3 e5 6. d5 Nb8 7. h3 Bxf3 8. Qxf3 Nbd7 9. 0-0 a6 10. Bg5 Be7 11. Nd2 Nxd5 12. exd5 Bxg5 13. Ne4 g6 14. Qe2 0-0 15. c4 f5 16. Nc3 Qf6 17. f3 Rae8 18. Bc2 Re7 19. Rae1 Bh4 20. Rd1 Bg3 21. b3 e4 22. Nb1 e3 23. f4 Bf2+ 24. Kh1 Qh4 25. Rd4 Nf6 26. Bd1 Nh5 27. Kh2 Ng3 28. Rxf2 Nxe2 29. Rxe2 Re4 30. g3 Rxd4 31. gxh4 Rxd1 32. Na3 Rd2 0-1

[Event "Coventry e2e4 U1950 op"]
[Site "Coventry"]
[Date "2013.08.23"]
[Round "1"]
[White "Divilly, Paddy"]
[Black "Zhang, Zheming"]
[Result "1-0"]
[WhiteElo "1495"]
[BlackElo "1769"]
[PlyCount "93"]
[EventDate "2013.08.23"]
[EventType "swiss"]
[EventRounds "7"]
[EventCountry "ENG"]
[SourceTitle "EXT 2015"]
[Source "ChessBase"]
[SourceDate "2014.11.20"]
[SourceVersion "1"]
[SourceVersionDate "2014.11.20"]
[SourceQuality "1"]

1. d4 e6 2. c4 f5 3. Nf3 Nf6 4. Nc3 Be7 5. g3 0-0 6. Bg2 d6 7. 0-0 Ne4 8. Qc2 Nxc3 9. Qxc3 Bf6 10. Qc2 e5 11. dxe5 dxe5 12. Rd1 Qe7 13. Ne1 c6 14. e3 Be6 15. Rb1 Nd7 16. b4 Nb6 17. Bf1 Qf7 18. c5 Nd7 19. a3 e4 20. Bb2 Bb3 21. Qc1 Bxd1 22. Bc4 Bb3 23. Bxf7+ Bxf7 24. Qc2 Ne5 25. Bd4 Bd5 26. Qc3 Rfe8 27. h3 Rad8 28. a4 Re6 29. b5 Ree8 30. Nc2 Nf3+ 31. Kf1 Re6 32. Nb4 Bxd4 33. exd4 Bc4+ 34. Kg2 Bd5 35. Nxd5 cxd5 36. Rd1 g6 37. Qa5 Rd7 38. Qxa7 Ree7 39. Qa5 Rc7 40. Qb4 Kf7 41. Rc1 Ng5 42. a5 Ne6 43. c6 bxc6 44. b6 Rc8 45. b7 Rb8 46. a6 Nd8 47. Qd6 1-0

[Event "Chester e2e4 op-B"]
[Site "Chester"]
[Date "2013.01.19"]
[Round "3"]
[White "Zhang, Zheming"]
[Black "Winter, Kevin"]
[Result "1-0"]
[WhiteElo "1713"]
[BlackElo "1844"]
[PlyCount "109"]
[EventDate "2013.01.18"]
[EventType "swiss"]
[EventRounds "7"]
[EventCountry "ENG"]
[SourceTitle "EXT 2015"]
[Source "ChessBase"]
[SourceDate "2014.11.20"]
[SourceVersion "1"]
[SourceVersionDate "2014.11.20"]
[SourceQuality "1"]

1. e4 d6 2. Nc3 Nf6 3. d4 Nbd7 4. Nf3 e5 5. dxe5 dxe5 6. Bc4 Be7 7. 0-0 h6 8. h3 c6 9. Be3 Qc7 10. Qe2 g5 11. Nh2 Nf8 12. Ng4 Nxg4 13. hxg4 Ng6 14. f3 Nf4 15. Qf2 b6 16. Rfd1 Bd7 17. Ne2 Bf6 18. c3 Nxe2+ 19. Qxe2 Rd8 20. Rd2 0-0 21. Rad1 Be6 22. Bxe6 fxe6 23. c4 Rxd2 24. Rxd2 Rd8 25. Rxd8+ Qxd8 26. Kf2 Be7 27. Qd2 Qxd2+ 28. Bxd2 Kf7 29. Bc3 Bd6 30. Ke3 Bc5+ 31. Kd3 Bd6 32. b4 Ke7 33. c5 Bc7 34. cxb6 axb6 35. a4 Kd6 36. Kc4 Kd7 37. a5 b5+ 38. Kd3 Bb8 39. Bd2 Ba7 40. g3 Kd6 41. f4 exf4 42. gxf4 c5 43. fxg5 hxg5 44. bxc5+ Bxc5 45. Bxg5 Kc6 46. Bd2 Bf8 47. g5 b4 48. Kc4 Bg7 49. Bxb4 e5 50. Bc5 Kb7 51. Kb5 Ka8 52. Be7 Ka7 53. Bf6 Bf8 54. g6 Bd6 55. g7 1-0